Представление документа в формате MARC21

Поле Инд. ПП Название Значение
Тип записи a
Библиографический уровень m
001 Контрольный номер 850ca62517c7488fab9de0b812a05539
005 Дата корректировки 20241106132308.6
020 a ISBN 978-5-7995-1212-5
040 b Код языка каталог. rus
e Правила каталог. PSBO
041 0_ a Код языка текста rus
097 b Оператор *Фа*
100 1_ a Автор Зюзин Б.Ф.
245 10 a Заглавие Кафедра технологических машин и оборудования ТвГТУ: история, достижения, перспективы развития (к 100-летию со дня создания)
b Продолж. заглавия монография
c Ответственность Тверской государственный технический университет
260 a Место издания Тверь
b Издательство ТвГТУ
c Дата издания 2022
300 a Объем 160 с.
516 8_ a Прим. о типе комп. файла/ данных Текст : электронный
520 0_ a Аннотация Посвящена истории кафедры технологических машин и оборудования Тверского государственного технического университета. Показана роль кафедры на протяжении 100-летнего периода развития нашего вуза в становлении торфяного дела в образовательной, научно-исследовательской деятельности, в подготовке высококвалифицированных инженерных и научных кадров для различных отраслей народного хозяйства и предпринимательской деятельности. Вспоминая наших учителей, видных ученых, мы наглядно показываем возможности реализации творческих инженерных намерений в сферах промышленности и сельского хозяйства России. При подготовке материалов широко использованы данные предыдущих юбилейных сборников вуза, архивных документов, личных дел преподавателей и сотрудников, интернет-ресурсов, истории ветеранов, публикации в СМИ. Материалы будут полезны для формирования воспитательно-патриотического отношения в целом к нашему вузу, его традициям и достижениям, а также станут моральным стимулом для молодых преподавателей – наследников исторического достояния кафедры и вуза в их научно-образовательном развитии, истинных преемников и последователей славной династии ПОЛИТЕХА!
535 1_ a Хранилище Сервер
653 1_ a Ключевые слова Тверской государственный технический университет
a Ключевые слова Кафедра технологических машин и оборудования
a Ключевые слова Преподаватели
655 a Жанр/ форма (устаревшее) М
700 1_ a Другие авторы Копенкина Л.В.
900 a Имя макрообъекта 001-000148024-000000000-0000-0000-01
901 t Тип документа m
905 a Дата создания записи 09.06.22
922 c Кафедра Технологические машины и оборудование
951 i EL-ТГТУ? Да
952 a Тип литературы для КСУ ВШ М2
990 h N записи в КСУ для Б/У (DOS) 15/2022э